| 000 | 00463nam a22001817a 4500 | ||
|---|---|---|---|
| 999 |
_c11174 _d11174 |
||
| 003 | OSt | ||
| 008 | 220425b ||||| |||| 00| 0 eng d | ||
| 020 | _a9789381252697 | ||
| 082 | _a658.80285 BAE | ||
| 100 | _aBARWAL, Ravi & SHARMA, Sonia | ||
| 245 | _aE - Commerce | ||
| 250 | _a3rd Revised | ||
| 260 |
_aNew Delhi _bBharat Publications _c2020 |
||
| 300 | _a260 | ||
| 650 | _aE - Commerce B.Com Commerce | ||
| 700 | _aSHARMA, Ravi | ||
| 942 |
_2ddc _cBK _080 |
||